| 000 | 00449nam a2200181Ia 4500 | ||
|---|---|---|---|
| 003 | STCL | ||
| 008 | 230729s9999 xx 000 0 und d | ||
| 020 | _qPhotocopy | ||
| 040 |
_aSTCL _cSTCL _bEN |
||
| 082 | _222 | ||
| 100 | _aDouglas, Tom | ||
| 245 | 0 | _aGroup processes in social work: a theoretical synthesis | |
| 260 |
_bJohn Wiley and Sons _aChichester _c1979 |
||
| 300 | _a236 p | ||
| 365 | _b76 | ||
| 546 | _aEnglish | ||
| 942 |
_2DDC _e22 _cBK |
||
| 999 |
_c90201 _d90201 |
||